000 00296nam a22001217a 4500
020 _a9780307944726
100 _aFRANEK, ROB
245 _aCRACKING THE GRE 2013:PROVEN TECHNIQUES FOR A HIGHER SCORE
260 _aNEW YORK
_bRANDOM HOUSE
_c2013
300 _a715P
650 _aGRE 2013
942 _cBK
999 _c34185
_d34185